A fondo Microsoft SQL server 7.0 / Ron Soukup, Kalen Delaney (Registro nro. 13020)

Detalles MARC
000 -LÍDER
fixed length control field 00657nam a2200181 4500
008 - ELEMENTOS DE LONGITUD FIJA -- INFORMACIÓN GENERAL
fixed length control field 0 1999 0ai 000 0ESP
020 ## - NÚMERO INTERNACIONAL NORMALIZADO PARA LIBROS
ISBN 84-481-2514-2
050 ## - SIGNATURA TOPOGRAFICA DE LA BIBLIOTECA DEL CONGRESO (LC)
Número de Clasificación QA76 9 C55 S68 1999
082 ## - NUMERO DE CLASIFICACION DECIMAL DEWEY
Número de Clasificación 005.758.521 S719f
100 ## - ASIENTO PRINCIPAL--NOMBRE PERSONAL
Nombre personal Soukup, Ron
245 ## - TÍTULO
Título A fondo Microsoft SQL server 7.0 / Ron Soukup, Kalen Delaney
260 ## - PUBLICACIÓN, DISTRIBUCIÓN, ETC. (PIE DE IMPRENTA)
Lugar de publicación, distribución, etc. España : McGraw-Hill
300 ## - DESCRIPCIÓN FÍSICA
Extensión xxx, 905 p. / 24 cm.
440 ## -
-- Serie de programación Microsoft
500 ## - NOTA GENERAL
Nota general Incluye CD-Rom
650 ## - ASIENTO SECUNDARIO DE MATERIA - TERMINO TEMÁTICO
Término temático o nombre geográfico como elemento de entrada 1.BASE DE DATOS - ADMINISTRACION \ 2.SQL SERVER \ 3.SQL (LENGUAJE DE PROGRAMACION PARA COMPUTADORAS) \ 4.SERVIDOR - COMPUTACION
700 ## - ASIENTO SECUNDARIO - NOMBRE PERSONAL
Nombre personal Delaney, Kalen. Coaut.
Existencias
No. biblioteca No. biblioteca Número de clasificación Código de barras/Número de adquisición Número de copia Tipo de material
LUIS G. INCLAN LUIS G. INCLAN 005.758.521 S719f 39029 3 Libros
LUIS G. INCLAN LUIS G. INCLAN 005.758.521 S719f 39030 4 Libros
LUIS G. INCLAN LUIS G. INCLAN 005.758.521 S719f 36767 1 Libros
LUIS G. INCLAN LUIS G. INCLAN 005.758.521 S719f 36768 2 Libros
Calzada Tecnológico # 27, Zacatepec, Morelos.
01(734) 343-07-23 / 343-21-10 / 343-21-11
Apdo. Postal 45 C.P 62780